000 01837nam a2200409 i 4500
001 0008046698
003 OSt
005 20260425121303.0
008 250923s2025 quca j 000 0 fre
020 _a9782897734152 :
_c19,95 $
040 _aQMBN
_bfre
_erda
_cQMBN
_dQMBND
041 1 _afre
_heng
050 4 _aQP376
082 0 4 _aJ 612.825 B9428t
_bB942t
_223/fre/202509
082 0 5 _a612.82
_bB9428t
_223/fre/202509
091 0 _a612.82
100 1 _aBunting, Philip
_eauteur
_eillustrateur
240 1 0 _aYour brilliant brain.
_lFranȧis
245 1 0 _aTon incroyable cerveau /
_c[texte et illustrations] Philip Bunting ; traduit de l'anglais par Andr Ǧagnon
264 1 _a[Montrǎl] :
_bMultiMondes,
_c[2025]
300 _a1 volume (non pagin)̌ :
_billustrations en couleur ;
_c29 cm
336 _atexte
_btxt
_2rdacontent
336 _aimage fixe
_bsti
_2rdacontent
337 _asans mďiation
_bn
_2rdamedia
338 _avolume
_bnc
_2rdacarrier
500 _aComplm̌ent de titre de la couverture : Dčouvre le plus merveilleux et mystřieux labyrinthe de l'univers
521 _aPour enfants
650 6 _aCerveau
_vOuvrages pour la jeunesse
650 7 _aCerveau
_2vmj
655 7 _aLivres documentaires pour la jeunesse
_2rvmgf
700 1 _iTraduction de :
_aBunting, Philip
_tYour brilliant brain
942 _2ddc
_cDOC JEUNE
999 _c18844
_d18844